| 000 | 00778nam a22002537a 4500 | ||
|---|---|---|---|
| 003 | INP | ||
| 005 | 20260622100244.0 | ||
| 008 | 230823b1957 us ||||f |||| 001 0 eng d | ||
| 040 |
_aEG-INP _beng _cEG-INP |
||
| 082 |
_221 _a658.315 _bL. C |
||
| 100 | _aLorwin, Val R. | ||
| 245 |
_aCollective Bargaining in Postwar France / _cVal R. Lorwin |
||
| 260 |
_aNew Jersey _bThe Annalx of the American Academy of Political and Social Science _c1957 |
||
| 300 |
_a12p _bpaper _c20 cm |
||
| 310 | _a66-74 | ||
| 490 |
_aStudies in Labor and Industrialization _v11 |
||
| 650 |
_2qmat _aIndustrial relations _91710 |
||
| 650 |
_2qmat _aCollective Bargaining _9494 |
||
| 650 |
_2qmat _alabor movement _zFrance |
||
| 901 | _aINP | ||
| 902 | _aegpv34 | ||
| 903 | _acopycat | ||
| 999 |
_c17913 _d17913 |
||